01666cam a22002774a 4500001000500000005001700005020001800022040002300040050001300063082001700076100001900093245012900112246005100241246003600292250004700328260003600375300005800411490005100469505000800520520067900528521001901207521002001226650005901246650003901305650004401344313820250814144150.0 a9780545461351 aDLCcDLCdDLCbeng00aNK845.O200a701.850972741 aWeill, Cynthia10aColores de la vida :bMexican folk art colors in English and Spanish : folk art by artists from Oaxaca /cby Weill, Cynthia30aMexican folk art colors in English and Spanish30aFolk art by artists from Oaxaca aFirst Scholastic printing , September 2012 aNew York : bScholastic ,c2011 a26 unnumbered pages : bcolor illustrations ;c20 cm.0 aFirst concepts in Mexican folk art series ;v3 aA  a"Each page captures a sense of wonder, of the vibrancy of color, the imagination of the artist, the name of the hue. Colors take life in this small picture book, perfect for small hands, in an astonishing pairing of visual intimacy and artistic joy that make this one of the most distinctive recent books on color--in English or otherwise." --Papertigers.org This book truly did take a village of artists, scattered all around mountain villages in the beautiful state of Oaxaca. Fifteen in fact! Go to our website to see who carved what lovely animal. And, please, imagine the adventurous Cindy Weill traipsing from village to village in search of these wonderful artisans.  a20 bLexile  aA bRaz-Plus  0aFolk artzMexicozOaxaca (State)vJuvenile literature. 0aColor in artvJuvenile literature. 0aColors, Words forvJuvenile literature.